00449 2200181 4500001002100000005001500021008004100036020002200077035001900099041000700118082000800125090001400133100001900147245001800166260003200184300001900216650003200235INLIS00000000001182120241224114242241224||||||||| | ||| |||| || |  a978-979-421-447-7 0010-1224011821 aid0 a100 a100 ASM f0 aAsmoro Achmadi00aFILSAFAT UMUM aJakartabRajawai Persc2011 a141hlm;14x21cm 0aIlmu Filsafat dan Psikologi